Black snake moan [dvd] (Record no. 378)
[ view plain ]
| 000 -LEADER | |
|---|---|
| fixed length control field | 00779ngm a2200205 a 4500 |
| 001 - CONTROL NUMBER | |
| control field | ASINB000RHUG0U |
| 005 - DATE AND TIME OF LATEST TRANSACTION | |
| control field | 20200421093827.0 |
| 008 - FIXED-LENGTH DATA ELEMENTS--GENERAL INFORMATION | |
| fixed length control field | 140724s xxu eng d |
| 028 42 - PUBLISHER OR DISTRIBUTOR NUMBER | |
| Publisher or distributor number | 5014437930538 |
| Source | Paramount Home Entertainment |
| 245 10 - TITLE STATEMENT | |
| Title | Black snake moan [dvd] |
| Medium | [videorecording] / |
| Statement of responsibility, etc. | Samuel L. Jackson, Christina Ricci, Justin Timberlake. |
| 260 ## - PUBLICATION, DISTRIBUTION, ETC. | |
| Place of publication, distribution, etc. | [S.l.] : |
| Name of publisher, distributor, etc. | Paramount Home Entertainment, |
| 300 ## - PHYSICAL DESCRIPTION | |
| Extent | 1 videodisc (116 min.) : |
| Other physical details | sd., col ; |
| Dimensions | 4 3/4 in. |
| 511 1# - PARTICIPANT OR PERFORMER NOTE | |
| Participant or performer note | Starring Samuel L. Jackson, Christina Ricci, Justin Timberlake. |
| 538 ## - SYSTEM DETAILS NOTE | |
| System details note | PAL. |
| 700 1# - ADDED ENTRY--PERSONAL NAME | |
| Personal name | Jackson, Samuel L. |
| 700 1# - ADDED ENTRY--PERSONAL NAME | |
| Personal name | Ricci, Christina. |
| 700 1# - ADDED ENTRY--PERSONAL NAME | |
| Personal name | Timberlake, Justin. |
| 856 40 - ELECTRONIC LOCATION AND ACCESS | |
| Materials specified | Amazon.com |
| Uniform Resource Identifier | <a href="http://www.amazon.com/exec/obidos/ASIN/B000RHUG0U/chopaconline-20">http://www.amazon.com/exec/obidos/ASIN/B000RHUG0U/chopaconline-20</a> |
| 942 ## - ADDED ENTRY ELEMENTS (KOHA) | |
| Source of classification or shelving scheme | Dewey Decimal Classification |
| Koha item type | Books |
| Withdrawn status | Lost status | Damaged status | Not for loan | Collection | Home library | Current library | Shelving location | Date acquired | Barcode | Date last seen | Price effective from | Koha item type |
|---|---|---|---|---|---|---|---|---|---|---|---|---|
| Non-fiction | Centerville | Centerville | Audio visual | 09/04/2014 | 39999000016611 | 09/04/2014 | 09/04/2014 | Visual Materials | ||||
| Non-fiction | Fairview | Fairview | Audio visual | 09/04/2014 | 39999000016635 | 09/04/2014 | 09/04/2014 | Visual Materials | ||||
| Non-fiction | Midway | Midway | Audio visual | 09/04/2014 | 39999000016598 | 09/04/2014 | 09/04/2014 | Visual Materials |